Welcome to CU Library Online Public Access Catalogue (OPAC)

Corporate Banking : (Record no. 552)

MARC details
000 -LEADER
fixed length control field 00817nam a22002417a 4500
003 - CONTROL NUMBER IDENTIFIER
control field OSt
005 - DATE AND TIME OF LATEST TRANSACTION
control field 20241102105451.0
008 - FIXED-LENGTH DATA ELEMENTS--GENERAL INFORMATION
fixed length control field 241102b |||||||| |||| 00| 0 eng d
020 ## - INTERNATIONAL STANDARD BOOK NUMBER
International Standard Book Number 9780852974186
040 ## -
-- Central University Library
050 ## - LIBRARY OF CONGRESS CALL NUMBER
Classification number KD1715
100 ## - MAIN ENTRY--PERSONAL NAME
Personal name Largan, Mark
110 ## - MAIN ENTRY--CORPORATE NAME
Corporate name or jurisdiction name as entry element Institute of Financial Services
245 ## - TITLE STATEMENT
Title Corporate Banking :
Remainder of title Practice and Law /
Medium Mark Largan ; Nigel A. Clayton
250 ## - EDITION STATEMENT
Remainder of edition statement Bankers Workbook Series
260 ## - PUBLICATION, DISTRIBUTION, ETC.
Place of publication, distribution, etc. United Kingdom
Name of publisher, distributor, etc. Financial World Publishing
Date of publication, distribution, etc. c1996
300 ## - PHYSICAL DESCRIPTION
Extent iv, 270
Other physical details Index
Dimensions 30cm
650 ## - SUBJECT ADDED ENTRY--TOPICAL TERM
Source of heading or term Corporate
650 ## - SUBJECT ADDED ENTRY--TOPICAL TERM
Source of heading or term Banking
700 ## - ADDED ENTRY--PERSONAL NAME
Personal name Mark Largan
Titles and other words associated with a name F.C.I.B., F.R.S.A., M.I.M., M.B.A., Dip.F.S., B.Sc.Hons.
Relator term author
700 ## - ADDED ENTRY--PERSONAL NAME
Personal name Nigel A. Clayton
Titles and other words associated with a name LLB. LLM (Lond.) of Lincolns Inn, Barrister-at-Law
Relator term author
942 ## - ADDED ENTRY ELEMENTS (KOHA)
Source of classification or shelving scheme Library of Congress Classification
Koha item type Books
Suppress in OPAC No
999 ## -
-- 552
-- 552
Holdings
Withdrawn status Lost status Source of classification or shelving scheme Damaged status Not for loan Collection Home library Current library Shelving location Date acquired Total checkouts Full call number Barcode Date last seen Copy number Price effective from Koha item type
    Library of Congress Classification     Non-fiction Law Library (Christ Temple) Law Library (Christ Temple) General stacks 03/14/2025   KD1715 LAR LLCT00000489 03/14/2025 1 03/14/2025 Books
    Library of Congress Classification     Non-fiction Law Library (Christ Temple) Law Library (Christ Temple) General stacks 03/14/2025   KD1715 LAR LLCT00000490 03/14/2025 2 03/14/2025 Books
    Library of Congress Classification     Non-fiction Law Library (Miotso) Law Library (Miotso) General stacks 11/02/2024   KD1715 LAR llm00000552 11/02/2024 1 11/02/2024 Books
© 2023-2024 Copyright: Central University Libraries. All Rights Reserved | Created by: Mahone Tech Office